[Event "FIDE Olympiad Disabilties 2020"]
[Site "Online"]
[Date "2020.11.21"]
[Round "5.17"]
[White "Peligro, Israel"]
[Black "Sanchez Ramirez, Hernan Anderson"]
[Result "1/2-1/2"]
[WhiteElo "1539"]
[BlackElo "1725"]
[Annotator "NA RC"]
[PlyCount "125"]
[EventDate "2020.11.21"]
[EventType "team-tourn"]
[EventCountry "NET"]
[SourceTitle "playchess.com"]
[Source "ChessBase"]
[SourceQuality "1"]
[WhiteTeam "Philippines"]
[BlackTeam "Cuba"]
[WhiteTeamCountry "PHI"]
[BlackTeamCountry "CUB"]

1. e4 c5 2. Nc3 Nc6 3. Bb5 g6 4. f4 Bg7 5. Bxc6 bxc6 6. d3 d5 7. Qe2 d4 8. Nb1 Nf6 9. h3 O-O 10. Nf3 Nh5 11. Qf2 Qa5+ 12. Nbd2 Nxf4 13. O-O Ne6 14. Nc4 Qc7 15. Bd2 Ba6 16. Na3 Rab8 17. b3 Rbd8 18. Rae1 f6 19. Nh2 Kh8 20. Re2 Ng5 21. Qe1 Qd7 22. Ref2 Nf7 23. Nb1 Ne5 24. Bf4 Qb7 25. Bxe5 fxe5 26. Rxf8+ Rxf8 27. Rxf8+ Bxf8 28. Ng4 Bg7 29. Nd2 h5 30. Qh4 Kg8 31. Nh2 Qb4 32. Ndf3 Kf7 33. Ng5+ Ke8 34. Qf2 Bf6 35. Nhf3 Bc8 36. Nh7 Qa3 37. Qg3 Qc1+ 38. Kh2 Qf4 39. Qxf4 exf4 40. e5 Bg7 41. Nhg5 Bf5 42. a4 e6 43. g3 fxg3+ 44. Kxg3 Kd7 45. Kf4 Bh6 46. Kg3 Kc7 47. Nf7 Bf8 48. h4 Kb6 49. N3g5 Be7 50. Nd6 Kc7 51. Nc4 Bxg5 52. hxg5 Bg4 53. Nd6 Bd1 54. Ne4 Kb6 55. Nf6 c4 56. Nd7+ Kc7 57. Nf8 Bxc2 58. Nxe6+ Kd7 59. Nc5+ Ke7 60. bxc4 Bd1 61. a5 Bg4 62. Kh4 Bf5 63. Kg3 1/2-1/2

[Event "FIDE Olympiad Disabilties 2020"]
[Site "Online"]
[Date "2020.11.21"]
[Round "5.18"]
[White "Maia, Jose Eduardo Bastos "]
[Black "Altinok, Selim Eyup"]
[Result "1-0"]
[WhiteElo "2043"]
[BlackElo "1536"]
[Annotator "TA"]
[PlyCount "75"]
[EventDate "2020.11.21"]
[EventType "team-tourn"]
[EventCountry "NET"]
[SourceTitle "playchess.com"]
[Source "ChessBase"]
[SourceQuality "1"]
[WhiteTeam "Brazil"]
[BlackTeam "Turkey"]
[WhiteTeamCountry "BRA"]
[BlackTeamCountry "TUR"]

1. d4 Nf6 2. Nf3 e6 3. Bg5 d5 4. e3 Nbd7 5. Bd3 c5 6. c3 Qb6 7. Qc1 Be7 8. Nbd2 O-O 9. O-O Re8 10. Qc2 h6 11. Bh4 Nh5 12. Bxe7 Rxe7 13. Ne5 Nf8 14. f4 Bd7 15. Rab1 Rc8 16. Qd1 Nf6 17. g4 cxd4 18. exd4 Bb5 19. Qf3 Bxd3 20. Qxd3 N8h7 21. Rf3 Rec7 22. Rg3 g5 23. h4 gxf4 24. Rf3 Kh8 25. Rxf4 Qd6 26. Rbf1 Qe7 27. Kh1 Rg8 28. Qh3 Rg7 29. g5 Nh5 30. Nxf7+ Rxf7 31. Rxf7 Qxf7 32. Rxf7 Rxf7 33. Qxe6 Rf4 34. Qe8+ Rf8 35. Qxh5 hxg5 36. hxg5 Kg8 37. Nf3 Rf5 38. Qg6+ 1-0

[Event "FIDE Olympiad Disabilties 2020"]
[Site "Online"]
[Date "2020.11.21"]
[Round "5.18"]
[White "Polo, Tiago Dias"]
[Black "Solak, Yusuf"]
[Result "1-0"]
[WhiteElo "1856"]
[BlackElo "1531"]
[Annotator "NA RC"]
[PlyCount "89"]
[EventDate "2020.11.21"]
[EventType "team-tourn"]
[EventCountry "NET"]
[SourceTitle "playchess.com"]
[Source "ChessBase"]
[SourceQuality "1"]
[WhiteTeam "Brazil"]
[BlackTeam "Turkey"]
[WhiteTeamCountry "BRA"]
[BlackTeamCountry "TUR"]

1. d4 d5 2. Nf3 c6 3. Bf4 e6 4. c3 Nf6 5. e3 Bd6 6. Bxd6 Qxd6 7. Bd3 Nbd7 8. O-O O-O 9. Nbd2 Re8 10. e4 dxe4 11. Nxe4 Nxe4 12. Bxe4 Nf6 13. Bc2 b6 14. Re1 Bb7 15. Ne5 c5 16. dxc5 Qxc5 17. Nd7 Nxd7 18. Qxd7 Qc6 19. Qxc6 Bxc6 20. Rad1 Rad8 21. f3 g6 22. Kf2 Kg7 23. Ke3 f5 24. Rxd8 Rxd8 25. Rd1 Rxd1 26. Bxd1 e5 27. Be2 Kf6 28. Bc4 f4+ 29. Kf2 g5 30. Bd3 h5 31. h3 Bd7 32. Be4 g4 33. hxg4 hxg4 34. fxg4 Bxg4 35. g3 Kg5 36. gxf4+ Kxf4 37. Bc6 e4 38. a4 e3+ 39. Ke1 a5 40. b4 Ke5 41. Bg2 axb4 42. cxb4 Kd4 43. a5 Kc4 44. a6 Kb5 45. a7 1-0

[Event "FIDE Olympiad Disabilties 2020"]
[Site "Online"]
[Date "2020.11.21"]
[Round "5.18"]
[White "Altinok, Kerim Osman"]
[Black "Barata, Adriano Albiani"]
[Result "0-1"]
[WhiteElo "1565"]
[BlackElo "2144"]
[Annotator "TA"]
[PlyCount "110"]
[EventDate "2020.11.21"]
[EventType "team-tourn"]
[EventCountry "NET"]
[SourceTitle "playchess.com"]
[Source "ChessBase"]
[SourceQuality "1"]
[WhiteTeam "Turkey"]
[BlackTeam "Brazil"]
[WhiteTeamCountry "TUR"]
[BlackTeamCountry "BRA"]

1. Nf3 c5 2. c4 g6 3. g3 Bg7 4. Bg2 Nc6 5. Nc3 e5 6. O-O Nge7 7. d3 O-O 8. e4 d6 9. Nd5 Nxd5 10. cxd5 Ne7 11. Be3 h6 12. Qd2 Kh7 13. Rac1 f5 14. h3 g5 15. Qe2 f4 16. Bd2 Ng6 17. g4 Rb8 18. Rc3 b5 19. Ra3 b4 20. Rxa7 Qb6 21. Ra4 Bd7 22. Qd1 Bxa4 23. Qxa4 Ra8 24. Qb3 Qa6 25. Ra1 Qa4 26. Qc4 b3 27. a3 Qxc4 28. dxc4 Ra4 29. Rc1 Ne7 30. Rc3 Rb8 31. Bc1 Ra7 32. Nd2 Rab7 33. Bf1 Nc8 34. Be2 Nb6 35. Bd1 Bf6 36. Bxb3 Bd8 37. Kf1 Nd7 38. f3 Ba5 39. Bc2 Bxc3 40. bxc3 Rb2 41. Ba4 Rb1 42. Nxb1 Rxb1 43. Bxd7 Rxc1+ 44. Kg2 Rxc3 45. Bb5 Rxa3 46. Kf2 Ra2+ 47. Kg1 Kg7 48. Bc6 Kf8 49. Bb5 Ke7 50. Bc6 Kd8 51. Bb5 Kc7 52. Bc6 Kb6 53. Bb5 Ka5 54. Bc6 Kb4 55. Bb5 Kc3 0-1

[Event "FIDE Olympiad Disabilties 2020"]
[Site "Online"]
[Date "2020.11.21"]
[Round "5.18"]
[White "Erten, Ozlem"]
[Black "Lopes, Marcia Maria Dias"]
[Result "1-0"]
[WhiteElo "1138"]
[BlackElo "1363"]
[Annotator "NA RC"]
[PlyCount "81"]
[EventDate "2020.11.21"]
[EventType "team-tourn"]
[EventCountry "NET"]
[SourceTitle "playchess.com"]
[Source "ChessBase"]
[SourceQuality "1"]
[WhiteTeam "Turkey"]
[BlackTeam "Brazil"]
[WhiteTeamCountry "TUR"]
[BlackTeamCountry "BRA"]

1. d4 Nf6 2. c4 e6 3. Bg5 d5 4. e3 Be7 5. Nf3 Nbd7 6. Nc3 O-O 7. Bd3 h6 8. Bh4 c5 9. O-O b6 10. Qc2 cxd4 11. Nxd4 Bb7 12. Rfe1 Rc8 13. e4 Ne5 14. cxd5 Nxd3 15. Qxd3 exd5 16. exd5 Bb4 17. Re4 Bxc3 18. bxc3 Bxd5 19. Re5 Bc4 20. Qg3 Rc5 21. Nf5 g5 22. Nxh6+ Kh7 23. Qxg5 Rg8 24. Nxg8 Qxg8 25. Qxf6 Rxe5 26. Qxe5 Qg6 27. Re1 Be6 28. Qg3 Qxg3 29. Bxg3 b5 30. Re5 a6 31. Rh5+ Kg6 32. Rc5 Bxa2 33. h4 f5 34. Bd6 Be6 35. f3 Kh5 36. g3 Kg6 37. Kf2 Kh5 38. Ke3 Kg6 39. Kf4 Kh5 40. g4+ Kg6 41. gxf5+ 1-0

[Event "FIDE Olympiad Disabilties 2020"]
[Site "Online"]
[Date "2020.11.21"]
[Round "5.19"]
[White "Song, Guannan Terry"]
[Black "Ozalp, Sinan"]
[Result "1-0"]
[WhiteElo "2145"]
[BlackElo "1549"]
[Annotator "TA"]
[PlyCount "71"]
[EventDate "2020.11.21"]
[EventType "team-tourn"]
[EventCountry "NET"]
[SourceTitle "playchess.com"]
[Source "ChessBase"]
[SourceQuality "1"]
[WhiteTeam "Canada"]
[BlackTeam "Turkey"]
[WhiteTeamCountry "CAN"]
[BlackTeamCountry "TUR"]

1. e4 e5 2. Nf3 d6 3. Bc4 h6 4. d4 exd4 5. Nxd4 Nf6 6. Nc3 Be7 7. O-O O-O 8. h3 a6 9. a4 Bd7 10. f4 Nc6 11. Nf3 Be6 12. Bd3 Nb4 13. Qe1 c5 14. f5 Bd7 15. Bf4 c4 16. Bxc4 Nxc2 17. Qd2 Nxa1 18. Rxa1 Kh7 19. Re1 Rc8 20. Ba2 b5 21. g4 g5 22. fxg6+ fxg6 23. Bxh6 Nxe4 24. Rxe4 Rxf3 25. Qe2 Rg3+ 26. Kh2 Bh4 27. Bf4 Rcxc3 28. bxc3 Rxc3 29. Rd4 Qc8 30. Rxd6 Rc2 31. Rd2 Rxd2 32. Qxd2 Qc6 33. axb5 axb5 34. Qd3 b4 35. Qb3 Be8 36. Qg8# 1-0

[Event "FIDE Olympiad Disabilties 2020"]
[Site "Online"]
[Date "2020.11.21"]
[Round "5.19"]
[White "Yildirim, Seyfettin Cagri"]
[Black "Perez, Gilbert"]
[Result "0-1"]
[WhiteElo "1516"]
[BlackElo "1835"]
[Annotator "NA RC"]
[PlyCount "78"]
[EventDate "2020.11.21"]
[EventType "team-tourn"]
[EventCountry "NET"]
[SourceTitle "playchess.com"]
[Source "ChessBase"]
[SourceQuality "1"]
[WhiteTeam "Turkey"]
[BlackTeam "Canada"]
[WhiteTeamCountry "TUR"]
[BlackTeamCountry "CAN"]

1. e4 e5 2. Nf3 Nc6 3. Bc4 Nf6 4. d4 Bb4+ 5. c3 Bd6 6. O-O O-O 7. Re1 h6 8. Kh1 Ng4 9. Qe2 exd4 10. cxd4 Nxh2 11. Nxh2 Nxd4 12. Qd1 Bxh2 13. Kxh2 Qh4+ 14. Kg1 Nc6 15. Nc3 d6 16. Be3 Ne5 17. Be2 f5 18. exf5 Bxf5 19. Nd5 Bg4 20. Bf4 Rxf4 21. Nxf4 Rf8 22. g3 Qg5 23. Ne6 Bxe6 24. Rc1 Qf6 25. Rf1 Bh3 26. f4 Bxf1 27. Qxf1 Nc6 28. Bc4+ Kh8 29. Re1 Qxb2 30. Qg2 Qd4+ 31. Kh1 Qxc4 32. Qf3 Nd4 33. Qe3 Qd5+ 34. Kh2 Nf3+ 35. Kh3 Qh5+ 36. Kg2 Nxe1+ 37. Qxe1 Re8 38. Qb1 Re2+ 39. Kf1 Qf3+ 0-1

[Event "FIDE Olympiad Disabilties 2020"]
[Site "Online"]
[Date "2020.11.21"]
[Round "5.19"]
[White "Bingol, Mehmet Ali"]
[Black "Morin, Louis"]
[Result "0-1"]
[WhiteElo "1318"]
[BlackElo "1806"]
[Annotator "NA RC"]
[PlyCount "40"]
[EventDate "2020.11.21"]
[EventType "team-tourn"]
[EventCountry "NET"]
[SourceTitle "playchess.com"]
[Source "ChessBase"]
[SourceQuality "1"]
[WhiteTeam "Turkey"]
[BlackTeam "Canada"]
[WhiteTeamCountry "TUR"]
[BlackTeamCountry "CAN"]

1. e4 d5 2. exd5 Qxd5 3. d4 Nc6 4. c4 Qxd4 5. Nc3 Qxd1+ 6. Nxd1 e5 7. Bd2 Bf5 8. Ne3 Bg6 9. Nd5 O-O-O 10. Be2 Nd4 11. Be3 Nc2+ 12. Kf1 Nxa1 13. Nf3 Bd6 14. Nh4 Nc2 15. Nxg6 hxg6 16. Bf3 Nxe3+ 17. fxe3 f5 18. e4 Nf6 19. Ke2 fxe4 20. Nxf6 exf3+ 0-1

[Event "FIDE Olympiad Disabilties 2020"]
[Site "Online"]
[Date "2020.11.21"]
[Round "5.19"]
[White "Nicole, Chantal"]
[Black "Ozturk, Busra"]
[Result "0-1"]
[WhiteElo "1169"]
[BlackElo "1100"]
[Annotator "NA RC"]
[PlyCount "56"]
[EventDate "2020.11.21"]
[EventType "team-tourn"]
[EventCountry "NET"]
[SourceTitle "playchess.com"]
[Source "ChessBase"]
[SourceQuality "1"]
[BlackTeam "Turkey"]
[BlackTeamCountry "TUR"]

1. c4 d6 2. g3 Nf6 3. Bg2 g6 4. Nc3 Bg7 5. e4 O-O 6. Nge2 c6 7. O-O Nbd7 8. d3 e5 9. h3 Nh5 10. Be3 Ndf6 11. Qd2 Be6 12. g4 Nf4 13. Nxf4 exf4 14. Bxf4 Ne8 15. Bh6 Qe7 16. Bxg7 Nxg7 17. f4 f5 18. exf5 gxf5 19. Rae1 Rf6 20. gxf5 Nxf5 21. Ne4 Rg6 22. Qe2 h6 23. Kh2 d5 24. cxd5 cxd5 25. Nf2 Ng3 26. Qe5 Nxf1+ 27. Bxf1 Qh4 28. Re2 Qg3+ 0-1

[Event "FIDE Olympiad Disabilties 2020"]
[Site "Online"]
[Date "2020.11.21"]
[Round "5.20"]
[White "Amato, Leonel"]
[Black "Sargissyan, Sargis"]
[Result "0-1"]
[WhiteElo "2100"]
[BlackElo "2269"]
[Annotator "TA"]
[PlyCount "70"]
[EventDate "2020.11.21"]
[EventType "team-tourn"]
[EventCountry "NET"]
[SourceTitle "playchess.com"]
[Source "ChessBase"]
[SourceQuality "1"]
[WhiteTeam "Argentina"]
[BlackTeam "Armenia"]
[WhiteTeamCountry "ARG"]
[BlackTeamCountry "ARM"]

1. d4 Nf6 2. Bg5 d5 3. Bxf6 exf6 4. e3 Bd6 5. g3 c6 6. c3 f5 7. Bg2 Nd7 8. Ne2 Nf6 9. O-O h5 10. Nd2 h4 11. Nf3 hxg3 12. hxg3 Ng4 13. c4 dxc4 14. d5 c5 15. Qa4+ Bd7 16. Qxc4 Qf6 17. Rfe1 b5 18. Qd3 Qxb2 19. e4 fxe4 20. Qxe4+ Kf8 21. Ng5 Qf6 22. Nh7+ Rxh7 23. Qxh7 g5 24. f4 gxf4 25. Nxf4 Bf5 26. Qh5 Kg7 27. Nh3 Bxg3 28. Rf1 Qd4+ 29. Kh1 Bg6 30. Qg5 Rh8 31. Rad1 Nf2+ 32. Rxf2 Qxf2 33. Qd2 Rxh3+ 34. Bxh3 Be4+ 35. Bg2 Bxg2# 0-1

[Event "FIDE Olympiad Disabilties 2020"]
[Site "Online"]
[Date "2020.11.21"]
[Round "5.20"]
[White "Atabekyan, Sargis"]
[Black "Sanz Arilla, Luis"]
[Result "0-1"]
[WhiteElo "1946"]
[BlackElo "2254"]
[Annotator "TA"]
[PlyCount "108"]
[EventDate "2020.11.21"]
[EventType "team-tourn"]
[EventCountry "NET"]
[SourceTitle "playchess.com"]
[Source "ChessBase"]
[SourceQuality "1"]
[WhiteTeam "Armenia"]
[BlackTeam "Spain"]
[WhiteTeamCountry "ARM"]
[BlackTeamCountry "ESP"]

1. d4 Nf6 2. Nf3 d5 3. Bf4 c5 4. e3 Nc6 5. c3 Qb6 6. Qc2 Bg4 7. Nbd2 e6 8. Be2 Be7 9. O-O O-O 10. Rae1 Rac8 11. Ne5 Bxe2 12. Rxe2 cxd4 13. Nxc6 Rxc6 14. exd4 Qxd4 15. Be3 Qg4 16. f3 Qg6 17. Qb3 Qd3 18. Rfe1 Qa6 19. Bd4 Bc5 20. Bxc5 Rxc5 21. a3 Rb5 22. Qc2 Qb6+ 23. Kh1 Rxb2 24. Qc1 Rb5 25. a4 Rc5 26. Qa3 Qc6 27. Re3 Rc8 28. Qb3 b6 29. Nb1 Rc4 30. a5 bxa5 31. h3 h6 32. Rd3 Nh5 33. Qa3 Ng3+ 34. Kh2 Qc7 35. Kg1 Nf5 36. Red1 a4 37. R3d2 h5 38. Rb2 Qg3 39. Re2 h4 40. Rd3 Qc7 41. Rc2 Qb6+ 42. Kh2 Qxb1 43. Rdd2 Ng3 44. Rc1 Qb8 45. Kg1 Qb6+ 46. Kh2 Qc7 47. Kg1 Rxc3 48. Rxc3 Qxc3 49. Qxc3 Rxc3 50. Rd1 a3 51. Ra1 d4 52. f4 f6 53. f5 Nxf5 54. Re1 a2 0-1

[Event "FIDE Olympiad Disabilties 2020"]
[Site "Online"]
[Date "2020.11.21"]
[Round "5.21"]
[White "Venkata, Krishna Karthik K"]
[Black "Khishigbayar, Mijgee"]
[Result "1-0"]
[WhiteElo "1903"]
[BlackElo "1847"]
[Annotator "TA"]
[PlyCount "123"]
[EventDate "2020.11.21"]
[EventType "team-tourn"]
[EventCountry "NET"]
[SourceTitle "playchess.com"]
[Source "ChessBase"]
[SourceQuality "1"]
[WhiteTeam "India"]
[BlackTeam "Mongolia"]
[WhiteTeamCountry "IND"]
[BlackTeamCountry "MGL"]

1. e4 c5 2. Nc3 Nc6 3. g3 e6 4. Bg2 g6 5. d3 Bg7 6. Nge2 Nge7 7. Be3 b6 8. d4 cxd4 9. Nxd4 Ba6 10. Ndb5 O-O 11. a4 d5 12. exd5 exd5 13. Nxd5 Nxd5 14. Qxd5 Rc8 15. Qxd8 Rfxd8 16. c3 Ne5 17. O-O Rd7 18. Rfd1 Rcd8 19. Rxd7 Rxd7 20. Bd4 Nc4 21. Bxg7 Kxg7 22. b3 Bxb5 23. axb5 Nd2 24. Rd1 Rd6 25. Bc6 Ne4 26. Rxd6 Nxd6 27. f4 Kf6 28. Kf2 Ke6 29. c4 f6 30. Bd5+ Ke7 31. Ke3 Nf5+ 32. Kd3 Kd6 33. g4 Ne7 34. Bf7 Kc5 35. Kc3 g5 36. f5 Nc8 37. Be6 Ne7 38. b4+ Kd6 39. Kd4 h6 40. c5+ Kc7 41. Bd5 h5 42. gxh5 Nxf5+ 43. Ke4 Nh6 44. Be6 Kd8 45. Kd5 Kc7 46. h3 f5 47. Ke5 g4 48. hxg4 fxg4 49. Kf4 Kd8 50. Bxg4 Kc7 51. Be6 a5 52. bxa6 bxc5 53. bxc5 Kc6 54. Kg5 Kxc5 55. a7 Kd6 56. Kxh6 Kxe6 57. a8=Q Kf5 58. Qe8 Kf6 59. Qe4 Kf7 60. Qe5 Kf8 61. Kg6 Kg8 62. Qg7# 1-0

[Event "FIDE Olympiad Disabilties 2020"]
[Site "Online"]
[Date "2020.11.21"]
[Round "5.22"]
[White "Trkaljanov, Vladimir"]
[Black "Singares, Mario Oscar"]
[Result "1-0"]
[WhiteElo "2096"]
[BlackElo "1425"]
[Annotator "TA"]
[PlyCount "57"]
[EventDate "2020.11.21"]
[EventType "team-tourn"]
[EventCountry "NET"]
[SourceTitle "playchess.com"]
[Source "ChessBase"]
[SourceQuality "1"]
[WhiteTeam "Macedonia"]
[BlackTeam "Panama"]
[WhiteTeamCountry "MKD"]
[BlackTeamCountry "PAN"]

1. e4 e5 2. Nf3 Nc6 3. d4 Nf6 4. dxe5 Nxe5 5. Nxe5 d6 6. Nf3 Nxe4 7. Be2 Bg4 8. h3 Bh5 9. Qd5 Ng5 10. Qxg5 Bxf3 11. Qxd8+ Rxd8 12. Bxf3 d5 13. O-O Bc5 14. Re1+ Be7 15. Nc3 O-O 16. Rxe7 d4 17. Ne4 d3 18. cxd3 Rxd3 19. Bf4 Rfd8 20. Rxc7 a5 21. Rac1 a4 22. Rxb7 a3 23. bxa3 Rxa3 24. Rcc7 Rxa2 25. Rxf7 Ra1+ 26. Kh2 Raa8 27. Rxg7+ Kf8 28. Rbf7+ Ke8 29. Nf6# 1-0

[Event "FIDE Olympiad Disabilties 2020"]
[Site "Online"]
[Date "2020.11.21"]
[Round "5.22"]
[White "Arias Cano, Iliak Omar"]
[Black "Gjorgjevski, Janco"]
[Result "0-1"]
[WhiteElo "1882"]
[BlackElo "1904"]
[Annotator "TA"]
[PlyCount "150"]
[EventDate "2020.11.21"]
[EventType "team-tourn"]
[EventCountry "NET"]
[SourceTitle "playchess.com"]
[Source "ChessBase"]
[SourceQuality "1"]
[BlackTeam "Macedonia"]
[BlackTeamCountry "MKD"]

1. e4 c5 2. Nf3 Nc6 3. Bc4 e6 4. O-O a6 5. c3 b5 6. Bb3 d6 7. d3 Nf6 8. Be3 Be7 9. d4 c4 10. Bc2 Bb7 11. e5 Nd5 12. Bd2 O-O 13. Qc1 Qc7 14. Na3 dxe5 15. dxe5 Nxe5 16. Nxe5 Qxe5 17. Re1 Qf6 18. Be4 Bc5 19. Rf1 Rab8 20. Bg5 Qe5 21. Bf3 h6 22. Bh4 Qf5 23. Qc2 Qxc2 24. Nxc2 Rfe8 25. Rad1 Ne7 26. Bxb7 Rxb7 27. Bxe7 Rexe7 28. Rd8+ Kh7 29. Rfd1 Kg6 30. R1d2 e5 31. Kf1 f5 32. Ne1 e4 33. R2d5 Rbc7 34. Nc2 f4 35. Rf8 e3 36. Rxf4 exf2 37. Nd4 Ba7 38. Kxf2 Rf7 39. Rxf7 Rxf7+ 40. Ke2 Rf6 41. h4 Bxd4 42. cxd4 Re6+ 43. Kd2 Kf6 44. g4 Re4 45. g5+ hxg5 46. hxg5+ Ke6 47. Rd8 Ke7 48. Rd5 Ke6 49. Rd8 Rg4 50. d5+ Ke7 51. Ra8 Rxg5 52. Ra7+ Kd6 53. Rxa6+ Kxd5 54. Kc3 Kc5 55. b4+ cxb3 56. axb3 Rg3+ 57. Kc2 g5 58. Ra8 Kb4 59. Rg8 Rg2+ 60. Kd3 Kxb3 61. Ke3 g4 62. Rb8 b4 63. Rb7 Kc3 64. Rc7+ Kb2 65. Rb7 b3 66. Kd3 g3 67. Ke3 Rc2 68. Rg7 g2 69. Kd3 Kb1 70. Rg6 b2 71. Ke3 Kc1 72. Kf3 b1=Q 73. Rxg2 Qb3+ 74. Ke4 Rc4+ 75. Kd5 Qb5+ 0-1

[Event "FIDE Olympiad Disabilties 2020"]
[Site "Online"]
[Date "2020.11.21"]
[Round "5.22"]
[White "Osorio, Jesus Camilo"]
[Black "Zafirovski, Tode"]
[Result "1/2-1/2"]
[WhiteElo "1859"]
[BlackElo "2138"]
[Annotator "TA"]
[PlyCount "118"]
[EventDate "2020.11.21"]
[EventType "team-tourn"]
[EventCountry "NET"]
[SourceTitle "playchess.com"]
[Source "ChessBase"]
[SourceQuality "1"]
[WhiteTeam "Panama"]
[BlackTeam "Macedonia"]
[WhiteTeamCountry "PAN"]
[BlackTeamCountry "MKD"]

1. d4 Nf6 2. Bg5 d5 3. Nd2 Bf5 4. Ngf3 e6 5. Nh4 Bg4 6. h3 Bh5 7. g4 Bg6 8. Nxg6 fxg6 9. Bg2 Nbd7 10. e3 c5 11. c3 Be7 12. Qe2 O-O 13. O-O h6 14. Bh4 Kh7 15. f4 Rc8 16. Kh2 Nxg4+ 17. Qxg4 Bxh4 18. Nf3 Bf6 19. Qxe6 Re8 20. Qxd5 Rxe3 21. Ne5 Bxe5 22. dxe5 Qe7 23. Qd2 Nxe5 24. fxe5 Qxe5+ 25. Kh1 Re2 26. Qd5 Qxd5 27. Bxd5 Rxb2 28. Rab1 Rxb1 29. Rxb1 b6 30. Re1 Rd8 31. c4 b5 32. Re7 bxc4 33. Bxc4 Rd4 34. Bf7 h5 35. Rxa7 c4 36. Rc7 Rd1+ 37. Kg2 Rd2+ 38. Kf3 Rxa2 39. Be6 Ra6 40. Bxc4 Rf6+ 41. Kg3 g5 42. Bd3+ Kg8 43. Rc5 g6 44. Rxg5 Kg7 45. h4 Re6 46. Kf4 Rd6 47. Be4 Kh6 48. Ke5 Rb6 49. Kf4 Rf6+ 50. Ke3 Rb6 51. Kd4 Rf6 52. Ke5 Ra6 53. Rg3 Rb6 54. Bd5 Ra6 55. Be6 Ra4 56. Kf6 Rf4+ 57. Ke5 Rxh4 58. Kf6 Rf4+ 59. Ke5 g5 1/2-1/2

[Event "FIDE Olympiad Disabilties 2020"]
[Site "Online"]
[Date "2020.11.21"]
[Round "5.23"]
[White "Gora, Tapiwa"]
[Black "Stroe, Constantin"]
[Result "1-0"]
[WhiteElo "1929"]
[BlackElo "1917"]
[Annotator "TA"]
[PlyCount "35"]
[EventDate "2020.11.21"]
[EventType "team-tourn"]
[EventCountry "NET"]
[SourceTitle "playchess.com"]
[Source "ChessBase"]
[SourceQuality "1"]
[WhiteTeam "Zimbabwe"]
[BlackTeam "Romania"]
[WhiteTeamCountry "ZIM"]
[BlackTeamCountry "ROU"]

1. e4 e6 2. Nf3 d5 3. Nc3 Nf6 4. e5 Nfd7 5. d4 c5 6. dxc5 Bxc5 7. Bd3 Nc6 8. Bf4 Qb6 9. O-O Qxb2 10. Nb5 O-O 11. Bxh7+ Kxh7 12. Ng5+ Kg6 13. Qd3+ f5 14. Rfb1 Ndxe5 15. Qe2 Nf3+ 16. Qxf3 Qxc2 17. Rc1 Qe2 18. Qxe2 1-0

[Event "FIDE Olympiad Disabilties 2020"]
[Site "Online"]
[Date "2020.11.21"]
[Round "5.23"]
[White "Vieru, Eugen-Cezar"]
[Black "CHIKAFU, ONAI"]
[Result "0-1"]
[WhiteElo "1798"]
[BlackElo "1494"]
[Annotator "NA RC"]
[PlyCount "68"]
[EventDate "2020.11.21"]
[EventType "team-tourn"]
[EventCountry "NET"]
[SourceTitle "playchess.com"]
[Source "ChessBase"]
[SourceQuality "1"]
[WhiteTeam "Romania"]
[BlackTeam "Zimbabwe"]
[WhiteTeamCountry "ROU"]
[BlackTeamCountry "ZIM"]

1. c4 c5 2. e4 Nc6 3. Nf3 d6 4. Nc3 e6 5. d4 Be7 6. d5 Nb8 7. Be2 e5 8. O-O Nf6 9. a3 O-O 10. Bd2 Nbd7 11. Qc2 Re8 12. b4 b6 13. h3 Nf8 14. Bg5 Nxd5 15. Bxe7 Nxe7 16. Rfd1 Nfg6 17. Nb5 Qd7 18. Nxd6 Rf8 19. Nxf7 Qe6 20. Nd6 Nf4 21. Qb2 Nc6 22. Nb5 Nd4 23. Nfxd4 cxd4 24. Nc7 Qg6 25. Bf3 Bxh3 26. g3 Rac8 27. Nd5 Nxd5 28. cxd5 Rxf3 29. Rac1 Rcf8 30. Rd2 Qxe4 31. d6 Rb3 32. f3 Qe3+ 33. Kh2 Rxb2 34. Rxb2 Qxc1 0-1

[Event "FIDE Olympiad Disabilties 2020"]
[Site "Online"]
[Date "2020.11.21"]
[Round "5.23"]
[White "Shonhiwa, Natasha"]
[Black "Lupascu, Maria"]
[Result "0-1"]
[WhiteElo "1275"]
[BlackElo "1480"]
[Annotator "NA RC"]
[PlyCount "134"]
[EventDate "2020.11.21"]
[EventType "team-tourn"]
[EventCountry "NET"]
[SourceTitle "playchess.com"]
[Source "ChessBase"]
[SourceQuality "1"]
[BlackTeam "Romania"]
[BlackTeamCountry "ROU"]

1. e4 c5 2. Nf3 Nc6 3. b3 e5 4. Bc4 h6 5. h4 d6 6. g3 Nf6 7. O-O Nxe4 8. Nh2 Nf6 9. Qf3 Nd4 10. Qd1 Be7 11. Nc3 O-O 12. d3 Qc7 13. f3 a6 14. Ng4 Nxg4 15. fxg4 Be6 16. Bxe6 Nxe6 17. Nd5 Qd7 18. Qe2 Qd8 19. Rf3 Nd4 20. Qe4 Nxf3+ 21. Qxf3 f6 22. Qe4 Rf7 23. Qg6 Qf8 24. Be3 Kh8 25. Nc7 Rc8 26. Nd5 Qg8 27. Rf1 Rcf8 28. g5 Qh7 29. Qxh7+ Kxh7 30. Nxe7 Rxe7 31. c4 Ref7 32. a3 fxg5 33. Rxf7 Rxf7 34. hxg5 Rf3 35. Bf2 hxg5 36. Kg2 Rxd3 37. b4 Rxa3 38. bxc5 dxc5 39. Bxc5 Rc3 40. Bd6 Rxc4 41. Bxe5 g4 42. Kf2 Kg6 43. Ke3 Kf5 44. Bd6 b5 45. Bb8 a5 46. Bd6 a4 47. Bf8 g5 48. Be7 Re4+ 49. Kd3 Rxe7 50. Kc3 Rc7+ 51. Kb4 a3 52. Kxa3 Rc3+ 53. Kb4 Rxg3 54. Kxb5 Re3 55. Kc4 g3 56. Kd4 Kf4 57. Kd5 g2 58. Kc4 g1=Q 59. Kd5 Qd1+ 60. Kc4 Qb3+ 61. Kd4 Qa4+ 62. Kd5 Re5+ 63. Kd6 Kf5 64. Kc7 Qa7+ 65. Kc6 Qc5+ 66. Kd7 Re7+ 67. Kd8 Qc7# 0-1

[Event "FIDE Olympiad Disabilties 2020"]
[Site "Online"]
[Date "2020.11.21"]
[Round "5.24"]
[White "Guibert, Jeremy"]
[Black "Loo, Pin Xie"]
[Result "0-1"]
[WhiteElo "1861"]
[BlackElo "1571"]
[Annotator "NA RC"]
[PlyCount "56"]
[EventDate "2020.11.21"]
[EventType "team-tourn"]
[EventCountry "NET"]
[SourceTitle "playchess.com"]
[Source "ChessBase"]
[SourceQuality "1"]
[WhiteTeam "France"]
[BlackTeam "Malaysia"]
[WhiteTeamCountry "FRA"]
[BlackTeamCountry "MAS"]

1. e4 c5 2. Nf3 Nc6 3. d4 cxd4 4. Nxd4 g6 5. Nc3 Bg7 6. Be3 Nf6 7. f3 O-O 8. Qd2 d5 9. O-O-O dxe4 10. Nxc6 Qxd2+ 11. Rxd2 bxc6 12. Nxe4 Nd5 13. Rd3 Nxe3 14. Rxe3 Bh6 15. Kd2 Rd8+ 16. Ke2 Ba6+ 17. Kf2 Bxe3+ 18. Kxe3 Rd1 19. Bxa6 Rxh1 20. h3 Rd8 21. Bd3 Ra1 22. Nc3 e5 23. b3 Kf8 24. a4 Ke7 25. Ke2 f5 26. g4 Kf6 27. Nd1 e4 28. fxe4 fxe4 0-1